Online
Catalog

Nacimiento, vida y muerte de un sanandresano = Birth, life, and death of a San Andrean / (Record no. 8084)

MARC details
000 -CABECERA
campo de control de longitud fija 01460cam a2200289 a 4500
001 - NÚMERO DE CONTROL
campo de control 000008313
003 - IDENTIFICADOR DEL NÚMERO DE CONTROL
campo de control DO-SdBNP
005 - FECHA Y HORA DE LA ÚLTIMA TRANSACCIÓN
campo de control 20250617102642.0
008 - DATOS DE LONGITUD FIJA--INFORMACIÓN GENERAL
campo de control de longitud fija 010508s2000 ck 000 0 eng
020 ## - NÚMERO INTERNACIONAL ESTÁNDAR DEL LIBRO
Número Internacional Estándar del Libro 9588052572
040 ## - FUENTE DE LA CATALOGACIÓN
Centro catalogador/agencia de origen DO-SdBNP
Lengua de catalogación spa
Centro/agencia transcriptor BNPHU
082 #4 - NÚMERO DE LA CLASIFICACIÓN DECIMAL DEWEY
Número de clasificación 390.09861
Número de documento/Ítem P784n
Número de edición 22
100 1# - ENTRADA PRINCIPAL--NOMBRE DE PERSONA
Nombre de persona Pomare, Lolia.
9 (RLIN) 22467
245 10 - MENCIÓN DE TÍTULO
Título Nacimiento, vida y muerte de un sanandresano = Birth, life, and death of a San Andrean /
Mención de responsabilidad, etc. narración oral original en inglés criollo, Lolia Pomare ; versiones escritas en inglés y español, Marcia Dittmann ; ilustraciones, Iván Villa = Birth, life, and death of a San Andrean / original oral narration in Islander English, Lolia Pomare ; English and Spanish written versions, Marcia Dittmann ; illustrations, Iván Villa
260 ## - PUBLICACIÓN, DISTRIBUCIÓN, ETC.
Lugar de publicación, distribución, etc. Bogotá :
Nombre del editor, distribuidor, etc. Ministerio de Cultura,
Fecha de publicación, distribución, etc. 2000.
300 ## - DESCRIPCIÓN FÍSICA
Extensión 161 p. :
Otras características físicas ill. ;
Dimensiones 21 cm.
490 1# - MENCIÓN DE SERIE
Mención de serie Premios Nacionales de Cultura 1998.
490 1# - MENCIÓN DE SERIE
Mención de serie Literatura oral negra y raizal
504 ## - NOTA DE BIBLIOGRAFÍA, ETC.
Nota de bibliografía, etc. Incluye glosario de terminos
546 ## - NOTA DE LENGUA/LENGUAJE
Nota de lengua/lenguaje Texto en español e inglés
650 #0 - PUNTO DE ACCESO ADICIONAL DE MATERIA--TÉRMINO DE MATERIA
Término de materia o nombre geográfico como elemento de entrada Sociolingüística
Subdivisión geográfica Colombia
-- Isla de San Andrés (San Andrés y Providencia)
9 (RLIN) 27887
651 #4 - PUNTO DE ACCESO ADICIONAL DE MATERIA--NOMBRE GEOGRÁFICO
Nombre geográfico Isla de San Andrés (San Andrés y Providencia, Colombia)
Subdivisión general Vida social y costumbres
9 (RLIN) 22471
700 1# - PUNTO DE ACCESO ADICIONAL--NOMBRE DE PERSONA
Nombre de persona Dittmann, Marcia Lynn
9 (RLIN) 22473
830 #0 - PUNTO DE ACCESO ADICIONAL DE SERIE-TÍTULO UNIFORME
Título uniforme Premios Nacionales de Cultura,
Nombre de parte o sección de la obra Literatura oral negra y raizal.
9 (RLIN) 22474
910 ## - DATOS DE OPCIÓN DEL USUARIO (OCLC)
Datos de opción del usuario Catalogación por copia / LC
942 ## - ELEMENTOS DE PUNTO DE ACCESO ADICIONAL (KOHA)
Fuente del sistema de clasificación o colocación Dewey Decimal Classification
Tipo de ítem Koha Libro
Holdings
Estado de retiro Estado de pérdida Fuente del sistema de clasificación o colocación Restricciones de uso No para préstamo Código de colección Localización permanente Ubicación/localización actual Ubicación en estantería Fecha de adquisición Número de inventario Total de préstamos Signatura topográfica completa Código de barras Fecha visto por última vez Precio válido a partir de Tipo de ítem Koha
    Dewey Decimal Classification Préstamo interno   Monografías: Libros y Folletos Biblioteca Nacional Pedro Henríquez Ureña Biblioteca Nacional Pedro Henríquez Ureña En catalogación 15.09.2009 LF1   390.09861 P784n 8313-10 25.06.2020 25.06.2020 Préstamo interno

Powered by Koha